Experiencias de madres adolescentes respecto a la importancia del control prenatal en el programa maternidad segura en la ESE hospital canapote. Cartagena, 2020 / (Registro nro. 4064)

Detalles MARC
000 -LEADER
fixed length control field 01666nam a2200277 i 4500
005 - DATE AND TIME OF LATEST TRANSACTION
control field 20250329165435.0
007 - PHYSICAL DESCRIPTION FIXED FIELD--GENERAL INFORMATION
fixed length control field ta
008 - FIXED-LENGTH DATA ELEMENTS--GENERAL INFORMATION
fixed length control field 190415s2020 000 0 eng d
040 ## - CATALOGING SOURCE
Original cataloging agency CO-CtgCURN
Language of cataloging spa
Transcribing agency coctgcurn
Description conventions rda
082 0# - DEWEY DECIMAL CLASSIFICATION NUMBER
Classification number ENF 2020
Item number V521
100 1# - MAIN ENTRY--PERSONAL NAME
Personal name Vega Junco, Yasmina,
Relator term author.
Relationship aut
245 10 - TITLE STATEMENT
Title Experiencias de madres adolescentes respecto a la importancia del control prenatal en el programa maternidad segura en la ESE hospital canapote. Cartagena, 2020 /
Statement of responsibility, etc. Yasmina Vega Junco; Directoras Moraima del Toro Rubio; Zoraida Barrios Puerta.
260 ## - PUBLICATION, DISTRIBUTION, ETC.
Place of publication, distribution, etc. Cartagena de Indias :
Name of publisher, distributor, etc. Corporación Universitaria Rafael Núñez,
Date of publication, distribution, etc. 2020.
300 ## - PHYSICAL DESCRIPTION
Extent 138 hojas.
336 ## - CONTENT TYPE
Content type term text
Content type code txt
Source rdacontent
337 ## - MEDIA TYPE
Media type term unmediated
Media type code n
Source rdamedia
338 ## - CARRIER TYPE
Carrier type term volume
Carrier type code nc
Source rdacarrier
504 ## - BIBLIOGRAPHY, ETC. NOTE
Bibliography, etc. note Trabajo de grado (Enfermera). Corporación Universitaria Rafael Nuñez. Facultad de Ciencias de la Salud. Proggrama de Enfermería, 2020.
520 ## - SUMMARY, ETC.
Summary, etc. "La atención prenatal es esencial para proveer atención obstétrica que permita un parto seguro, buscando minimizar riesgos para madre e hijo. Esta experiencia supone pensamientos, sentimientos y subjetividades que merecen ser comprendidas e interpretadas"
650 #0 - SUBJECT ADDED ENTRY--TOPICAL TERM
Topical term or geographic name entry element Enfermería
Form subdivision Tesis y disertaciones academicas.
700 1# - ADDED ENTRY--PERSONAL NAME
Personal name Toro Rubio, Moraima del,
Relator term directora.
700 1# - ADDED ENTRY--PERSONAL NAME
Personal name Barrios Puerta, Zorayda,
Relator term directora.
856 ## - ELECTRONIC LOCATION AND ACCESS
Uniform Resource Identifier <a href="https://unicurn.sharepoint.com/:b:/s/biblioteca/EQSOLER2GctEn2UMpOIPr3wBoLD1z0N5JwA91vZJJrHzBA?e=yyeKKa">https://unicurn.sharepoint.com/:b:/s/biblioteca/EQSOLER2GctEn2UMpOIPr3wBoLD1z0N5JwA91vZJJrHzBA?e=yyeKKa</a>
Public note Click aqui para ver el recurso en texto completo
942 ## - ADDED ENTRY ELEMENTS (KOHA)
Source of classification or shelving scheme Dewey Decimal Classification
Koha item type Trabajos de grado
Classification part ENF 2020
Item part V521
Existencias
Withdrawn status Lost status Source of classification or shelving scheme Damaged status Not for loan Collection Home library Current library Shelving location Date acquired Source of acquisition Cost, normal purchase price Inventory number Total checkouts Full call number Barcode Date last seen Price effective from Koha item type
    Dewey Decimal Classification     Trabajos de grado Miguel Henríquez Emiliani Miguel Henríquez Emiliani Trabajo de grado 06/01/2019 El autor 350000.00 023332   ENF 2020 V521 023332 06/20/2019 06/20/2019 Trabajos de grado